000 00423 a2200181 4500
001 140869
040 _cLeonardo Da Vinci
041 _aPortuguês
082 _a001 P95ft
_bP95ft
100 _aKUBRUSLY, Claudio A
245 _aO que é fotografia
260 _bBrasiliense
_c1983
_aSão Paulo
300 _a109
362 _a19830000
490 _aPrimeiros Passos; 82
697 _aArtes
_aFotografia
942 _cBK
999 _c140869
_d140869